| 000 | 00705cam a2200193 4500500 | ||
|---|---|---|---|
| 005 | 20260111080334.0 | ||
| 041 | _afre | ||
| 042 | _adc | ||
| 100 | 1 | 0 |
_aMonier, François _eauthor |
| 245 | 0 | 0 | _aLes institutions financières indépendantes de l’Union européenne |
| 260 | _c2019. | ||
| 500 | _a56 | ||
| 690 | _afinancières indépendantes | ||
| 690 | _aHaut conseil des finances publiques | ||
| 690 | _ainstitutions budgétaires indépendantes | ||
| 690 | _aUnion européenne | ||
| 786 | 0 | _nGestion & Finances Publiques | 4 | 4 | 2019-09-13 | p. 38-43 | 1969-1009 | |
| 856 | 4 | 1 | _uhttps://droit.cairn.info/revue-gestion-et-finances-publiques-2019-4-page-38?lang=fr&redirect-ssocas=7080 |
| 999 |
_c1616180 _d1616180 |
||